AU LIBRARIES
Centralized Library System Across Seven Campuses

Investment Analysis & Portfolio Management (Record no. 47359)

MARC details
000 -LEADER
fixed length control field 00540nam a2200193Ia 4500
005 - DATE AND TIME OF LATEST TRANSACTION
control field 20260421110033.0
008 - FIXED-LENGTH DATA ELEMENTS--GENERAL INFORMATION
fixed length control field 260421s9999 xx 000 0 und d
020 ## - INTERNATIONAL STANDARD BOOK NUMBER
ISBN 978-1305262997
082 ## - DEWEY DECIMAL CLASSIFICATION NUMBER
Classification number 332.632
Author Mark REI-I
100 ## - MAIN ENTRY--AUTHOR
Author Name Reilly, Frank
-- Keith Brown
-- Sanford Leeds
245 #0 - TITLE STATEMENT
Title Investment Analysis & Portfolio Management
250 ## - EDITION STATEMENT
Edition statement 11th Ed
260 ## - PUBLICATION, DISTRIBUTION, ETC.
Name of publisher, distributor, etc. Cengage Learning
Place of Publication Boston, USA
Date of publication, distribution, etc. 2019
300 ## - PHYSICAL DESCRIPTION
Pages 821 p.
500 ## - GENERAL NOTE
General note Includes Glossary and Index
650 ## - SUBJECT ADDED ENTRY--TOPICAL TERM
Subject / Department Financial economics
650 ## - SUBJECT ADDED ENTRY--TOPICAL TERM
Subject / Department economics
942 ## - ADDED ENTRY ELEMENTS (KOHA)
Koha item type Book
Holdings
Withdrawn status Lost status Damaged status Not for loan Collection code Permanent Location Current Location Shelving Location Date acquired Source of acquisition Price Inventory number Total Checkouts Full Call Number Accession No./Barcode Date last seen Koha item type
        Economics Air University Kharian Campus Library Air University Kharian Campus Library Economics 04/09/2026 Ali Books Service 4394.50 KA/10221   332.632 REI-I AUKHP0588 04/21/2026 Book
Air University Sector E-9, Islamabad Pakistan
Email: librarian@au.edu.pk  Tel : +0092 51 9262612 Ext: 631